000
00248 a2200109 4500
003
Nust
005
20170207154229.0
040
_c
Nust
082
_a
371.33
245
_a
So In C Visit Of Mcs (VHS-91)
440
_a
So In C Visit Of Mcs (VHS-91)
538
_a
Duration in Minutes-48
999
_c
195752
_d
195752